Aşkın Şizofrenik Hâli : Sevim Burak (Record no. 1882)

000 -LEADER
fixed length control field 00485nam a22001817a 4500
008 - FIXED-LENGTH DATA ELEMENTS--GENERAL INFORMATION
fixed length control field 180221b xxu||||| |||| 00| | tur d
020 ## - INTERNATIONAL STANDARD BOOK NUMBER
International Standard Book Number 9786056063534
041 ## - LANGUAGE CODE
Language code of text/sound track or separate title Türkçe
050 ## - LIBRARY OF CONGRESS CALL NUMBER
Classification number PL248.B79
100 ## - MAIN ENTRY--PERSONAL NAME
9 (RLIN) 997
Personal name Bedia Koçakoğlu
245 ## - TITLE STATEMENT
Title Aşkın Şizofrenik Hâli : Sevim Burak
250 ## - EDITION STATEMENT
Edition statement 1.Baskı
260 ## - PUBLICATION, DISTRIBUTION, ETC.
Place of publication, distribution, etc. Konya
Name of publisher, distributor, etc. Palet Yayınları
Date of publication, distribution, etc. Nisan 2009
300 ## - PHYSICAL DESCRIPTION
Extent 432 Sayfa
500 ## - GENERAL NOTE
General note Palet Yayınları : 14
650 #0 - SUBJECT ADDED ENTRY--TOPICAL TERM
9 (RLIN) 145
Topical term or geographic name entry element Türk Edebiyatı
942 ## - ADDED ENTRY ELEMENTS (KOHA)
Source of classification or shelving scheme
Koha item type Books
Holdings
Withdrawn status Lost status Source of classification or shelving scheme Damaged status Not for loan Permanent Location Current Location Shelving location Date acquired Full call number Barcode Date last seen Price effective from Koha item type
        Ödünç verilemez İmren Ahmet Tüzün Kütüphanesi İmren Ahmet Tüzün Kütüphanesi Ahmet Tüzün 2018-02-21 PL248.B79 100100001850 2018-02-21 2018-02-21 Books

This software was implemented, installed and managed by Devinim Software Training Consulting .